[Event "ODJM B 2024"]
[Site "Willingen GER"]
[Date "2024.05.22"]
[Round "6"]
[White "Ensslen, Jakob"]
[Black "Schmidt, Jan"]
[Result "1/2-1/2"]
[Termination "normal"]
[Board "23"]
[WhiteElo "1740"]
[BlackElo "1663"]
[WhiteClock "00:27:02"]
[BlackClock "00:09:25"]
[PlyCount "83"]
[WhiteFideId "34640258"]
[BlackFideId "34625682"]
[EventCountry "GER"]
[EventRounds "9"]
[EventType "swiss"]
[EventDate "2024.05.18"]

1. d4 {[%clk 01:30:50]} {[%emt 00:00:10]} d5 {[%clk 01:30:51]} {[%emt
00:00:10]} 2. Bf4 {[%clk 01:31:09]} {[%emt 00:00:10]} Nf6 {[%clk 01:31:06]}
{[%emt 00:00:15]} 3. e3 {[%clk 01:31:25]} {[%emt 00:00:15]} g6 {[%clk
01:31:27]} {[%emt 00:00:09]} 4. Be2 {[%clk 01:30:55]} {[%emt 00:01:00]} Bg7
{[%clk 01:31:36]} {[%emt 00:00:21]} 5. Nf3 {[%clk 01:28:42]} {[%emt 00:02:42]}
O-O {[%clk 01:31:19]} {[%emt 00:00:46]} 6. Nbd2 {[%clk 01:26:06]} {[%emt
00:03:07]} c5 {[%clk 01:28:23]} {[%emt 00:03:26]} 7. c3 {[%clk 01:25:10]}
{[%emt 00:01:25]} b6 {[%clk 01:25:02]} {[%emt 00:03:52]} 8. Ne5 {[%clk
01:19:52]} {[%emt 00:05:47]} Bb7 {[%clk 01:20:38]} {[%emt 00:04:55]} 9. h4
{[%clk 01:17:23]} {[%emt 00:03:00]} Nc6 {[%clk 01:16:10]} {[%emt 00:04:58]} 10.
Nxc6 {[%clk 01:10:35]} {[%emt 00:07:17]} Bxc6 {[%clk 01:16:14]} {[%emt
00:00:26]} 11. h5 {[%clk 01:06:12]} {[%emt 00:04:53]} Nd7 {[%clk 01:06:54]}
{[%emt 00:09:50]} 12. hxg6 {[%clk 01:02:37]} {[%emt 00:04:05]} hxg6 {[%clk
00:59:02]} {[%emt 00:08:22]} 13. Qc2 {[%clk 00:55:28]} {[%emt 00:07:39]} e5
{[%clk 00:56:06]} {[%emt 00:03:26]} 14. Bh6 {[%clk 00:48:28]} {[%emt 00:07:30]}
Rc8 {[%clk 00:46:00]} {[%emt 00:10:35]} 15. Bxg7 {[%clk 00:41:31]} {[%emt
00:07:28]} Kxg7 {[%clk 00:46:22]} {[%emt 00:00:08]} 16. dxe5 {[%clk 00:37:27]}
{[%emt 00:04:33]} Nxe5 {[%clk 00:42:51]} {[%emt 00:04:01]} 17. Nf3 {[%clk
00:34:29]} {[%emt 00:03:29]} Nxf3+ {[%clk 00:38:41]} {[%emt 00:04:40]} 18. Bxf3
{[%clk 00:32:47]} {[%emt 00:02:10]} Qf6 {[%clk 00:33:39]} {[%emt 00:05:33]} 19.
O-O-O {[%clk 00:30:38]} {[%emt 00:02:40]} Rcd8 {[%clk 00:28:29]} {[%emt
00:05:39]} 20. Rh3 {[%clk 00:27:32]} {[%emt 00:03:36]} Rh8 {[%clk 00:28:26]}
{[%emt 00:00:33]} 21. Rdh1 {[%clk 00:25:48]} {[%emt 00:02:14]} Rxh3 {[%clk
00:28:11]} {[%emt 00:00:45]} 22. Rxh3 {[%clk 00:24:12]} {[%emt 00:02:06]} Bd7
{[%clk 00:22:22]} {[%emt 00:06:20]} 23. Rh1 {[%clk 00:23:49]} {[%emt 00:00:51]}
Bf5 {[%clk 00:22:29]} {[%emt 00:00:24]} 24. Qa4 {[%clk 00:19:01]} {[%emt
00:05:18]} a5 {[%clk 00:19:37]} {[%emt 00:03:23]} 25. Qf4 {[%clk 00:16:22]}
{[%emt 00:03:08]} g5 {[%clk 00:16:42]} {[%emt 00:03:25]} 26. Qg3 {[%clk
00:13:59]} {[%emt 00:02:53]} Bg6 {[%clk 00:16:23]} {[%emt 00:00:49]} 27. Qh2
{[%clk 00:12:58]} {[%emt 00:01:31]} Qf5 {[%clk 00:13:37]} {[%emt 00:03:17]} 28.
Kd2 {[%clk 00:07:23]} {[%emt 00:06:05]} Qc2+ {[%clk 00:13:31]} {[%emt
00:00:35]} 29. Ke1 {[%clk 00:06:39]} {[%emt 00:01:14]} Qxb2 {[%clk 00:13:30]}
{[%emt 00:00:32]} 30. Qe5+ {[%clk 00:06:03]} {[%emt 00:01:05]} f6 {[%clk
00:12:51]} {[%emt 00:01:10]} 31. Qe7+ {[%clk 00:06:18]} {[%emt 00:00:15]} Bf7
{[%clk 00:13:11]} {[%emt 00:00:10]} 32. Rh7+ {[%clk 00:03:31]} {[%emt
00:03:16]} Kxh7 {[%clk 00:13:33]} {[%emt 00:00:09]} 33. Qxf7+ {[%clk 00:03:57]}
{[%emt 00:00:04]} Kh6 {[%clk 00:11:49]} {[%emt 00:02:14]} 34. Qxf6+ {[%clk
00:04:16]} {[%emt 00:00:11]} Kh7 {[%clk 00:12:11]} {[%emt 00:00:07]} 35. Qf7+
{[%clk 00:03:35]} {[%emt 00:01:12]} Kh6 {[%clk 00:11:05]} {[%emt 00:01:36]} 36.
Qh5+ {[%clk 00:03:33]} {[%emt 00:00:31]} Kg7 {[%clk 00:11:27]} {[%emt
00:00:09]} 37. Qxg5+ {[%clk 00:03:56]} {[%emt 00:00:07]} Kh7 {[%clk 00:11:32]}
{[%emt 00:00:25]} 38. Qf5+ {[%clk 00:04:13]} {[%emt 00:00:12]} Kh6 {[%clk
00:11:25]} {[%emt 00:00:37]} 39. Qh3+ {[%clk 00:02:28]} {[%emt 00:02:15]} Kg7
{[%clk 00:10:58]} {[%emt 00:00:58]} 40. Qg3+ {[%clk 00:02:05]} {[%emt
00:01:01]} Kf6 {[%clk 00:09:54]} {[%emt 00:01:35]} 41. Qh4+ {[%clk 00:00:48]}
{[%emt 00:01:46]} Kg7 {[%clk 00:09:25]} {[%emt 00:01:00]} 42. Qg5+ {[%clk
00:27:02]} {[%emt 00:04:15]} 1/2-1/2

[Event "ODJM B 2024"]
[Site "Willingen GER"]
[Date "2024.05.22"]
[Round "6"]
[White "Bock, Leonas"]
[Black "Tulchynsky, Mark"]
[Result "1-0"]
[Termination "normal"]
[Board "24"]
[WhiteElo "1603"]
[BlackElo "1828"]
[WhiteClock "00:10:41"]
[BlackClock "00:18:37"]
[PlyCount "95"]
[WhiteFideId "16287118"]
[BlackFideId "34617698"]
[EventCountry "GER"]
[EventRounds "9"]
[EventType "swiss"]
[EventDate "2024.05.18"]

1. d4 {[%clk 01:30:52]} {[%emt 00:00:08]} d5 {[%emt 00:00:04]} 2. Nf3 {[%clk
01:31:13]} {[%emt 00:00:08]} c5 {[%clk 01:31:10]} {[%emt 00:00:18]} 3. e3
{[%clk 01:30:37]} {[%emt 00:01:05]} b6 {[%clk 01:31:29]} {[%emt 00:00:12]} 4.
b3 {[%clk 01:30:21]} {[%emt 00:00:46]} Nf6 {[%clk 01:31:20]} {[%emt 00:00:38]}
5. Bd3 {[%clk 01:30:28]} {[%emt 00:00:22]} Ba6 {[%clk 01:30:40]} {[%emt
00:01:11]} 6. c4 {[%clk 01:30:01]} {[%emt 00:00:57]} e6 {[%clk 01:29:38]}
{[%emt 00:01:32]} 7. O-O {[%clk 01:29:41]} {[%emt 00:00:49]} Nbd7 {[%clk
01:28:32]} {[%emt 00:01:36]} 8. Bb2 {[%clk 01:29:37]} {[%emt 00:00:34]} Bd6
{[%clk 01:26:29]} {[%emt 00:02:34]} 9. Nbd2 {[%clk 01:27:38]} {[%emt 00:02:29]}
O-O {[%clk 01:25:33]} {[%emt 00:01:26]} 10. Re1 {[%clk 01:21:24]} {[%emt
00:06:44]} Bb7 {[%clk 01:22:15]} {[%emt 00:03:48]} 11. e4 {[%clk 01:17:11]}
{[%emt 00:04:43]} dxe4 {[%clk 01:17:46]} {[%emt 00:04:59]} 12. Nxe4 {[%clk
01:16:06]} {[%emt 00:01:34]} Nxe4 {[%clk 01:18:02]} {[%emt 00:00:15]} 13. Bxe4
{[%clk 01:15:38]} {[%emt 00:00:58]} Bxe4 {[%clk 01:18:14]} {[%emt 00:00:19]}
14. Rxe4 {[%clk 01:15:57]} {[%emt 00:00:10]} Nf6 {[%clk 01:17:45]} {[%emt
00:01:00]} 15. Re1 {[%clk 01:15:00]} {[%emt 00:01:26]} cxd4 {[%clk 01:16:47]}
{[%emt 00:01:28]} 16. Qxd4 {[%clk 01:08:59]} {[%emt 00:06:30]} Qe7 {[%clk
01:08:52]} {[%emt 00:08:25]} 17. Red1 {[%clk 01:00:02]} {[%emt 00:09:27]} Bc5
{[%clk 01:06:22]} {[%emt 00:03:01]} 18. Qf4 {[%clk 00:52:50]} {[%emt 00:07:40]}
Rad8 {[%clk 01:03:46]} {[%emt 00:03:07]} 19. Ne5 {[%clk 00:48:13]} {[%emt
00:05:06]} Qc7 {[%clk 01:02:13]} {[%emt 00:02:00]} 20. Qf3 {[%clk 00:45:31]}
{[%emt 00:03:15]} Bd6 {[%clk 00:57:10]} {[%emt 00:05:36]} 21. Qe2 {[%clk
00:39:32]} {[%emt 00:06:27]} Nd7 {[%clk 00:50:27]} {[%emt 00:07:14]} 22. Nxd7
{[%clk 00:31:33]} {[%emt 00:08:28]} Rxd7 {[%clk 00:49:59]} {[%emt 00:00:58]}
23. g3 {[%clk 00:29:04]} {[%emt 00:02:58]} Rfd8 {[%clk 00:48:55]} {[%emt
00:01:35]} 24. Rd3 {[%clk 00:24:17]} {[%emt 00:05:18]} Be7 {[%clk 00:19:46]}
{[%emt 00:29:39]} 25. Rad1 {[%clk 00:23:53]} {[%emt 00:00:53]} Rxd3 {[%clk
00:19:37]} {[%emt 00:00:40]} 26. Rxd3 {[%clk 00:23:55]} {[%emt 00:00:27]} Rxd3
{[%clk 00:20:05]} {[%emt 00:00:02]} 27. Qxd3 {[%clk 00:24:22]} {[%emt
00:00:03]} Qd6 {[%clk 00:20:21]} {[%emt 00:00:13]} 28. Qxd6 {[%clk 00:22:27]}
{[%emt 00:02:26]} Bxd6 {[%clk 00:20:49]} {[%emt 00:00:02]} 29. Kg2 {[%clk
00:22:12]} {[%emt 00:00:46]} f6 {[%clk 00:20:47]} {[%emt 00:00:31]} 30. f4
{[%clk 00:20:36]} {[%emt 00:02:06]} e5 {[%clk 00:19:43]} {[%emt 00:01:34]} 31.
fxe5 {[%clk 00:18:41]} {[%emt 00:02:25]} Bxe5 {[%clk 00:20:00]} {[%emt
00:00:14]} 32. Bxe5 {[%clk 00:18:39]} {[%emt 00:00:32]} fxe5 {[%clk 00:20:29]}
{[%emt 00:00:01]} 33. Kf3 {[%clk 00:19:01]} {[%emt 00:00:08]} Kf7 {[%clk
00:20:58]} 34. Ke4 {[%clk 00:19:11]} {[%emt 00:00:20]} Ke6 {[%clk 00:21:24]}
{[%emt 00:00:04]} 35. b4 {[%clk 00:18:46]} {[%emt 00:00:55]} Kd6 {[%clk
00:18:14]} {[%emt 00:03:40]} 36. a4 {[%clk 00:15:13]} {[%emt 00:04:02]} a5
{[%clk 00:15:32]} {[%emt 00:03:12]} 37. b5 {[%clk 00:08:02]} {[%emt 00:07:42]}
Kc5 {[%clk 00:14:59]} {[%emt 00:01:03]} 38. Kxe5 {[%clk 00:08:23]} {[%emt
00:00:09]} Kxc4 {[%clk 00:15:28]} 39. Kd6 {[%clk 00:08:44]} {[%emt 00:00:09]}
Kb4 {[%clk 00:15:12]} {[%emt 00:00:46]} 40. Kc6 {[%clk 00:09:10]} {[%emt
00:00:04]} Kxa4 {[%clk 00:15:34]} {[%emt 00:00:08]} 41. Kxb6 {[%clk 00:09:34]}
{[%emt 00:00:05]} Kb3 {[%clk 00:15:58]} {[%emt 00:00:06]} 42. Kc5 {[%clk
00:09:54]} {[%emt 00:00:10]} a4 {[%clk 00:16:25]} {[%emt 00:00:04]} 43. b6
{[%clk 00:10:10]} {[%emt 00:00:13]} a3 {[%clk 00:16:54]} {[%emt 00:00:02]} 44.
b7 {[%clk 00:10:24]} {[%emt 00:00:15]} a2 {[%clk 00:17:23]} 45. b8=Q+ {[%clk
00:10:34]} {[%emt 00:00:19]} Kc2 {[%clk 00:17:48]} {[%emt 00:00:04]} 46. Qe5
{[%clk 00:09:54]} {[%emt 00:01:11]} Kb1 {[%clk 00:18:12]} {[%emt 00:00:08]} 47.
Qxg7 {[%clk 00:10:15]} {[%emt 00:00:09]} a1=Q {[%clk 00:18:37]} {[%emt
00:00:04]} 48. Qxa1+ {[%clk 00:10:41]} {[%emt 00:00:05]} 1-0

[Event "ODJM B 2024"]
[Site "Willingen GER"]
[Date "2024.05.22"]
[Round "6"]
[White "Barsov, Vladislav"]
[Black "Tabales, Lennart"]
[Result "1-0"]
[Termination "normal"]
[Board "25"]
[WhiteElo "1893"]
[BlackElo "1587"]
[WhiteClock "00:06:26"]
[BlackClock "00:01:52"]
[PlyCount "71"]
[WhiteFideId "34613757"]
[BlackFideId "34604057"]
[EventCountry "GER"]
[EventRounds "9"]
[EventType "swiss"]
[EventDate "2024.05.18"]

1. c4 {[%clk 01:30:50]} {[%emt 00:00:10]} e6 {[%clk 01:30:55]} {[%emt
00:00:05]} 2. g3 {[%clk 01:31:17]} {[%emt 00:00:04]} d5 {[%clk 01:31:19]}
{[%emt 00:00:06]} 3. Bg2 {[%clk 01:31:44]} {[%emt 00:00:03]} Nf6 {[%clk
01:31:44]} {[%emt 00:00:04]} 4. Nf3 {[%clk 01:32:00]} {[%emt 00:00:14]} Be7
{[%clk 01:32:02]} {[%emt 00:00:12]} 5. O-O {[%clk 01:32:11]} {[%emt 00:00:19]}
O-O {[%clk 01:32:28]} {[%emt 00:00:04]} 6. b3 {[%clk 01:32:17]} {[%emt
00:00:25]} c5 {[%clk 01:32:26]} {[%emt 00:00:32]} 7. Bb2 {[%clk 01:32:10]}
{[%emt 00:00:37]} d4 {[%clk 01:32:36]} {[%emt 00:00:19]} 8. b4 {[%clk
01:31:23]} {[%emt 00:01:17]} Qc7 {[%clk 01:18:07]} {[%emt 00:14:59]} 9. bxc5
{[%clk 01:29:57]} {[%emt 00:01:56]} e5 {[%clk 01:17:34]} {[%emt 00:01:03]} 10.
d3 {[%clk 01:24:27]} {[%emt 00:06:00]} Bxc5 {[%clk 01:16:14]} {[%emt 00:01:50]}
11. Nbd2 {[%clk 01:24:24]} {[%emt 00:00:33]} Nc6 {[%clk 01:15:21]} {[%emt
00:01:24]} 12. Nb3 {[%clk 01:22:21]} {[%emt 00:02:33]} Ne7 {[%clk 01:06:26]}
{[%emt 00:09:24]} 13. Nxc5 {[%clk 01:21:08]} {[%emt 00:01:43]} Qxc5 {[%clk
01:06:31]} {[%emt 00:00:25]} 14. a4 {[%clk 01:21:01]} {[%emt 00:00:37]} Qc7
{[%clk 01:03:38]} {[%emt 00:03:21]} 15. e3 {[%clk 01:15:17]} {[%emt 00:06:16]}
dxe3 {[%clk 01:01:39]} {[%emt 00:02:30]} 16. Bxe5 {[%clk 01:13:47]} {[%emt
00:01:58]} exf2+ {[%clk 01:01:06]} {[%emt 00:01:04]} 17. Rxf2 {[%clk 01:14:11]}
{[%emt 00:00:06]} Qa5 {[%clk 01:00:28]} {[%emt 00:01:03]} 18. Bxf6 {[%clk
01:12:56]} {[%emt 00:01:50]} gxf6 {[%clk 00:59:44]} {[%emt 00:01:14]} 19. Rb1
{[%clk 01:12:38]} {[%emt 00:00:49]} Rb8 {[%clk 00:52:37]} {[%emt 00:07:37]} 20.
Rb5 {[%clk 01:12:14]} {[%emt 00:00:53]} Qa6 {[%clk 00:51:59]} {[%emt 00:01:08]}
21. Nd2 {[%clk 01:06:10]} {[%emt 00:06:34]} Bd7 {[%clk 00:49:25]} {[%emt
00:03:04]} 22. Rh5 {[%clk 01:02:30]} {[%emt 00:04:10]} f5 {[%clk 00:39:07]}
{[%emt 00:10:47]} 23. Rg5+ {[%clk 00:53:45]} {[%emt 00:09:15]} Ng6 {[%clk
00:37:05]} {[%emt 00:02:32]} 24. Qh5 {[%clk 00:49:33]} {[%emt 00:04:43]} Qf6
{[%clk 00:34:52]} {[%emt 00:02:42]} 25. g4 {[%clk 00:34:59]} {[%emt 00:15:05]}
Qa1+ {[%clk 00:32:28]} {[%emt 00:02:53]} 26. Nf1 {[%clk 00:35:07]} {[%emt
00:00:21]} fxg4 {[%clk 00:26:18]} {[%emt 00:06:41]} 27. Be4 {[%clk 00:32:00]}
{[%emt 00:03:36]} Qh8 {[%clk 00:15:53]} {[%emt 00:10:54]} 28. Ne3 {[%clk
00:29:24]} {[%emt 00:03:09]} Qa1+ {[%clk 00:13:23]} {[%emt 00:02:59]} 29. Kg2
{[%clk 00:28:03]} {[%emt 00:01:52]} Bc6 {[%clk 00:12:23]} {[%emt 00:01:30]} 30.
Qxg4 {[%clk 00:12:57]} {[%emt 00:15:35]} Rbe8 {[%clk 00:07:47]} {[%emt
00:05:06]} 31. h4 {[%clk 00:07:50]} {[%emt 00:05:38]} Kh8 {[%clk 00:07:38]}
{[%emt 00:00:38]} 32. Nd5 {[%clk 00:08:02]} {[%emt 00:00:18]} Bxd5 {[%clk
00:06:48]} {[%emt 00:01:21]} 33. Bxd5 {[%clk 00:07:50]} {[%emt 00:00:42]} Re7
{[%clk 00:04:30]} {[%emt 00:02:48]} 34. h5 {[%clk 00:06:11]} {[%emt 00:02:09]}
Ne5 {[%clk 00:04:12]} {[%emt 00:00:47]} 35. Qf5 {[%clk 00:06:18]} {[%emt
00:00:23]} f6 {[%clk 00:01:52]} {[%emt 00:02:50]} 36. Qxf6+ {[%clk 00:06:26]}
{[%emt 00:00:22]} 1-0

[Event "ODJM B 2024"]
[Site "Willingen GER"]
[Date "2024.05.22"]
[Round "6"]
[White "Fischer, Lorenz"]
[Black "Lohrmann, Linus"]
[Result "1-0"]
[Termination "normal"]
[Board "26"]
[WhiteElo "1714"]
[BlackElo "1621"]
[WhiteClock "01:36:00"]
[BlackClock "01:14:49"]
[PlyCount "39"]
[WhiteFideId "16296710"]
[BlackFideId "12982857"]
[EventCountry "GER"]
[EventRounds "9"]
[EventType "swiss"]
[EventDate "2024.05.18"]

1. e4 {[%clk 01:30:59]} {[%emt 00:00:01]} e5 {[%clk 01:30:57]} {[%emt
00:00:04]} 2. Nf3 {[%clk 01:31:25]} {[%emt 00:00:03]} Nc6 {[%clk 01:31:21]}
{[%emt 00:00:06]} 3. Bc4 {[%clk 01:31:51]} {[%emt 00:00:04]} Bc5 {[%clk
01:31:45]} {[%emt 00:00:05]} 4. c3 {[%clk 01:32:18]} {[%emt 00:00:04]} Nf6
{[%clk 01:32:10]} {[%emt 00:00:05]} 5. d4 {[%clk 01:32:45]} {[%emt 00:00:04]}
exd4 {[%clk 01:32:34]} {[%emt 00:00:05]} 6. cxd4 {[%clk 01:33:11]} {[%emt
00:00:04]} Bb4+ {[%clk 01:33:00]} {[%emt 00:00:04]} 7. Nc3 {[%clk 01:33:37]}
{[%emt 00:00:05]} Nxe4 {[%clk 01:21:22]} {[%emt 00:12:07]} 8. O-O {[%clk
01:31:34]} {[%emt 00:02:33]} Bxc3 {[%clk 01:21:08]} {[%emt 00:00:44]} 9. d5
{[%clk 01:31:52]} {[%emt 00:00:13]} Ne5 {[%clk 01:17:17]} {[%emt 00:04:21]} 10.
bxc3 {[%clk 01:32:15]} {[%emt 00:00:07]} Nxc4 {[%emt 00:01:06]} 11. Qd4 {[%clk
01:32:33]} Ncd6 {[%clk 01:14:34]} {[%emt 00:02:48]} 12. Qxg7 {[%clk 01:32:57]}
{[%emt 00:00:06]} Qf6 {[%clk 01:14:46]} {[%emt 00:00:16]} 13. Qxf6 {[%clk
01:33:24]} {[%emt 00:00:05]} Nxf6 {[%clk 01:15:11]} {[%emt 00:00:05]} 14. Re1+
{[%clk 01:33:50]} {[%emt 00:00:04]} Kd8 {[%clk 01:15:37]} {[%emt 00:00:04]} 15.
Bg5 {[%clk 01:34:16]} {[%emt 00:00:05]} Nde8 {[%clk 01:15:10]} {[%emt
00:00:56]} 16. Rxe8+ {[%clk 01:34:41]} {[%emt 00:00:06]} Kxe8 {[%clk 01:15:14]}
{[%emt 00:00:25]} 17. Re1+ {[%clk 01:35:04]} {[%emt 00:00:06]} Kf8 {[%clk
01:14:42]} {[%emt 00:01:01]} 18. Bh6+ {[%clk 01:35:32]} {[%emt 00:00:04]} Kg8
{[%clk 01:15:03]} {[%emt 00:00:08]} 19. Re5 {[%clk 01:36:00]} {[%emt 00:00:03]}
Ng4 {[%clk 01:14:49]} 20. Rg5# {[%emt 00:01:10]} 1-0

[Event "ODJM B 2024"]
[Site "Willingen GER"]
[Date "2024.05.22"]
[Round "6"]
[White "Claussen, Alexander"]
[Black "Fettig, Michel"]
[Result "1/2-1/2"]
[Termination "normal"]
[Board "27"]
[WhiteElo "1595"]
[BlackElo "1680"]
[WhiteClock "00:07:25"]
[BlackClock "00:30:08"]
[PlyCount "94"]
[WhiteFideId "16248910"]
[BlackFideId "34608982"]
[EventCountry "GER"]
[EventRounds "9"]
[EventType "swiss"]
[EventDate "2024.05.18"]

1. e4 {[%clk 01:30:50]} {[%emt 00:00:10]} e6 {[%clk 01:30:49]} {[%emt
00:00:10]} 2. d4 {[%clk 01:31:05]} {[%emt 00:00:15]} d5 {[%clk 01:30:57]}
{[%emt 00:00:23]} 3. e5 {[%clk 01:31:20]} {[%emt 00:00:15]} c5 {[%clk
01:31:17]} {[%emt 00:00:10]} 4. c3 {[%clk 01:31:43]} {[%emt 00:00:07]} Nc6
{[%clk 01:31:16]} {[%emt 00:00:31]} 5. Nf3 {[%clk 01:31:53]} {[%emt 00:00:20]}
Bd7 {[%clk 01:31:02]} {[%emt 00:00:44]} 6. Be2 {[%clk 01:31:19]} {[%emt
00:01:03]} Qb6 {[%clk 01:30:30]} {[%emt 00:01:03]} 7. a3 {[%clk 01:29:26]}
{[%emt 00:02:23]} c4 {[%clk 01:28:53]} {[%emt 00:02:06]} 8. Qc2 {[%clk
01:23:37]} {[%emt 00:06:20]} Nge7 {[%clk 01:28:01]} {[%emt 00:01:22]} 9. Nbd2
{[%clk 01:17:55]} {[%emt 00:06:12]} Ng6 {[%clk 01:23:48]} {[%emt 00:04:43]} 10.
Nf1 {[%clk 01:08:58]} {[%emt 00:09:26]} Be7 {[%clk 01:19:46]} {[%emt 00:04:32]}
11. Ng3 {[%clk 01:08:08]} {[%emt 00:01:20]} Na5 {[%clk 01:18:58]} {[%emt
00:01:19]} 12. Nd2 {[%clk 00:57:23]} {[%emt 00:11:15]} Nf4 {[%clk 01:02:16]}
{[%emt 00:17:11]} 13. O-O {[%clk 00:55:39]} {[%emt 00:02:14]} h5 {[%clk
00:51:04]} {[%emt 00:11:43]} 14. Qd1 {[%clk 00:47:04]} {[%emt 00:09:05]} h4
{[%clk 00:39:12]} {[%emt 00:12:22]} 15. Nh5 {[%clk 00:47:21]} {[%emt 00:00:13]}
Nxe2+ {[%clk 00:39:07]} {[%emt 00:00:35]} 16. Qxe2 {[%clk 00:47:33]} {[%emt
00:00:17]} O-O-O {[%clk 00:39:31]} {[%emt 00:00:07]} 17. h3 {[%clk 00:43:13]}
{[%emt 00:04:50]} Rdg8 {[%clk 00:36:40]} {[%emt 00:03:20]} 18. Rb1 {[%clk
00:42:59]} {[%emt 00:00:45]} Nb3 {[%clk 00:35:16]} {[%emt 00:01:54]} 19. Nxb3
{[%clk 00:40:14]} {[%emt 00:03:14]} cxb3 {[%clk 00:35:38]} {[%emt 00:00:09]}
20. Qf3 {[%clk 00:37:16]} {[%emt 00:03:28]} f6 {[%clk 00:28:28]} {[%emt
00:07:40]} 21. Bf4 {[%clk 00:33:55]} {[%emt 00:03:51]} g5 {[%clk 00:26:34]}
{[%emt 00:02:24]} 22. Bh2 {[%clk 00:33:38]} {[%emt 00:00:46]} f5 {[%clk
00:26:41]} {[%emt 00:00:23]} 23. Nf6 {[%clk 00:32:11]} {[%emt 00:01:57]} Bxf6
{[%clk 00:20:58]} {[%emt 00:06:14]} 24. exf6 {[%clk 00:32:33]} {[%emt
00:00:08]} Qd8 {[%clk 00:18:01]} {[%emt 00:03:26]} 25. Qe3 {[%clk 00:32:32]}
{[%emt 00:00:31]} f4 {[%clk 00:17:18]} {[%emt 00:01:14]} 26. Qe5 {[%clk
00:32:34]} {[%emt 00:00:28]} Qc7 {[%clk 00:16:55]} {[%emt 00:00:52]} 27. f3
{[%clk 00:29:46]} {[%emt 00:03:18]} Qxe5 {[%clk 00:16:13]} {[%emt 00:01:13]}
28. dxe5 {[%clk 00:30:09]} {[%emt 00:00:06]} Be8 {[%clk 00:15:59]} {[%emt
00:00:44]} 29. Rbc1 {[%clk 00:27:35]} {[%emt 00:03:05]} Bb5 {[%clk 00:16:03]}
{[%emt 00:00:26]} 30. Rf2 {[%clk 00:27:33]} {[%emt 00:00:32]} Rh7 {[%clk
00:16:15]} {[%emt 00:00:17]} 31. Rd2 {[%clk 00:27:27]} {[%emt 00:00:36]} Rc7
{[%clk 00:16:09]} {[%emt 00:00:37]} 32. Kf2 {[%clk 00:27:36]} {[%emt 00:00:21]}
Rd8 {[%clk 00:15:41]} {[%emt 00:00:57]} 33. Rd4 {[%clk 00:26:32]} {[%emt
00:01:34]} Kd7 {[%clk 00:11:39]} {[%emt 00:04:32]} 34. Ke1 {[%clk 00:24:00]}
{[%emt 00:03:02]} Bc4 {[%clk 00:08:57]} {[%emt 00:03:13]} 35. Bg1 {[%clk
00:24:13]} {[%emt 00:00:17]} Ke8 {[%clk 00:08:46]} {[%emt 00:00:41]} 36. Rd2
{[%clk 00:24:15]} {[%emt 00:00:28]} b6 {[%clk 00:08:03]} {[%emt 00:01:13]} 37.
Bf2 {[%clk 00:22:43]} {[%emt 00:02:01]} Kf8 {[%clk 00:07:34]} {[%emt 00:00:59]}
38. Rd4 {[%clk 00:22:45]} {[%emt 00:00:29]} Kf7 {[%clk 00:06:45]} {[%emt
00:01:18]} 39. Rdd1 {[%clk 00:22:08]} {[%emt 00:01:07]} Bb5 {[%clk 00:05:20]}
{[%emt 00:01:56]} 40. Bd4 {[%clk 00:22:19]} {[%emt 00:00:19]} Rc6 {[%clk
00:04:34]} {[%emt 00:01:15]} 41. Ra1 {[%clk 00:19:17]} {[%emt 00:03:33]} Rc7
{[%clk 00:04:34]} {[%emt 00:00:30]} 42. Kd2 {[%clk 00:12:33]} {[%emt 00:07:14]}
Rc4 {[%clk 00:03:03]} {[%emt 00:02:00]} 43. Ke1 {[%clk 00:12:02]} {[%emt
00:01:01]} Be8 {[%clk 00:02:48]} {[%emt 00:00:45]} 44. Rac1 {[%clk 00:09:43]}
{[%emt 00:02:49]} Kf8 {[%clk 00:02:48]} {[%emt 00:00:30]} 45. Bf2 {[%clk
00:09:42]} {[%emt 00:00:30]} Bg6 {[%clk 00:02:17]} {[%emt 00:01:02]} 46. Rd4
{[%clk 00:09:22]} {[%emt 00:00:51]} Rdc8 {[%clk 00:01:47]} {[%emt 00:01:00]}
47. Rcd1 {[%clk 00:07:25]} {[%emt 00:02:27]} Bc2 {[%clk 00:30:08]} {[%emt
00:02:08]} 1/2-1/2